| 000 | 00436nam a22001577a 4500 | ||
|---|---|---|---|
| 999 |
_c524725 _d524725 |
||
| 003 | NUST | ||
| 038 | _aMr. Zahoor | ||
| 082 | _a621.3 | ||
| 100 |
_aIftikhar Ali _915519 |
||
| 245 |
_aSampled Data Control of DC-DC Buck Converter / _cIftikhar Ali |
||
| 260 |
_aIslamabad : _bCEME - NUST, _c2014. |
||
| 300 |
_axi, 47, p. : ill. ; _c30cm. |
||
| 500 | _aHardcover. | ||
| 600 | _2Electrical Engineering - MS Thesis | ||
| 942 |
_2ddc _cTHE |
||